书目信息 |
| 题名: |
钢结构设计禁忌及实例
|
|
| 作者: | 邱鹤年 编著 | |
| 分册: | ||
| 出版信息: | 北京 中国建筑工业出版社 2009.01 |
|
| 页数: | 245页 | |
| 开本: | 24cm | |
| 丛书名: | ||
| 单 册: | ||
| 中图分类: | TU391.04 | |
| 科图分类: | ||
| 主题词: | 钢结构--gang jie gou--结构设计 | |
| 电子资源: | ||
| ISBN: | 978-7-112-10438-3 | |
| 000 | 00894nam0 2200241 450 | |
| 001 | 012009561718 | |
| 005 | 20090924102738.96 | |
| 010 | @a978-7-112-10438-3@dCNY35.00 | |
| 100 | @a20090924d2009 em y0chiy0120 ea | |
| 101 | 0 | @achi |
| 102 | @aCN@b110000 | |
| 105 | @aak a 000yy | |
| 106 | @ar | |
| 200 | 1 | @a钢结构设计禁忌及实例@Agang jie gou she ji jin ji ji shi li@f邱鹤年编著@Fqiu he nian bian zhu |
| 210 | @a北京@c中国建筑工业出版社@d2009.01 | |
| 215 | @a245页@c图@d24cm | |
| 320 | @a有书目 (第245页) | |
| 330 | @a本书根据相关规范及工程实践经验,对钢结构设计中的一些误区和禁区进行了深入阐述。书中首先介绍了一些工程案例作为警示,进而按规范体系逐条列出r相关设计禁忌、算例以及对规范的修改建议等内容。 | |
| 606 | 0 | @a钢结构@Agang jie gou@x结构设计 |
| 690 | @aTU391.04@v4 | |
| 701 | 0 | @a邱鹤年@Aqiu he nian@4编著 |
| 801 | 0 | @aCN@bQSSK@c20090924 |
| 905 | @b759244-48@dTU391.04@eQ724@f5 | |
| 钢结构设计禁忌及实例/邱鹤年编著.-北京:中国建筑工业出版社,2009.01 |
| 245页:图;24cm |
| ISBN 978-7-112-10438-3:CNY35.00 |
| 本书根据相关规范及工程实践经验,对钢结构设计中的一些误区和禁区进行了深入阐述。书中首先介绍了一些工程案例作为警示,进而按规范体系逐条列出r相关设计禁忌、算例以及对规范的修改建议等内容。 |
| ● |
| 相关链接 |
|
|
|
正题名:钢结构设计禁忌及实例
索取号:TU391.04/Q724
 
预约/预借
| 序号 | 登录号 | 条形码 | 馆藏地/架位号 | 状态 | 备注 |
| 1 | 759244 | 207592443 | 建筑库101/101建筑库 91排1列1层/ [索取号:TU391.04/Q724] | 在馆 | |
| 2 | 759245 | 207592452 | 建筑库101/101建筑库 91排1列1层/ [索取号:TU391.04/Q724] | 在馆 | |
| 3 | 759246 | 207592461 | 土木与交通工程学院资料室/土木与交通学院资料室 1排1列1层/ [索取号:TU391.04/Q724] | 在馆 | |
| 4 | 759247 | 207592470 | 土木与交通工程学院资料室/土木与交通学院资料室 1排1列1层/ [索取号:TU391.04/Q724] | 在馆 | |
| 5 | 759248 | 207592489 | 建筑库101/101建筑库 91排1列1层/ [索取号:TU391.04/Q724] | 在馆 |